[Event "RUS-chT Women Rapid 2019"]
[Site "Sochi"]
[Date "2019.10.19"]
[Round "7.8"]
[White "Zhurova, Anna"]
[Black "Vasilevich, Tatjana"]
[Result "1/2-1/2"]
[WhiteElo "1820"]
[BlackElo "2360"]
[Annotator "TA"]
[PlyCount "91"]
[EventDate "2019.10.18"]
[EventType "swiss"]
[EventCountry "RUS"]
[SourceTitle "playchess.com"]
[Source "ChessBase"]
[SourceQuality "1"]

{[%evp 14,91,-19,-12,-12,-22,-17,-18,-8,-16,-5,-36,-29,-10,0,0,0,0,0,-44,-20,-33,-16,-16,0,-21,-8,-6,15,0,26,0,0,-27,-31,-35,-7,-22,0,0,29,27,50,-20,-8,-133,-143,-147,-154,-141,-139,-148,-95,-138,-135,-125,-122,-148,-146,-197,-125,-176,-117,-110,-106,-110,-69,-74,0,0,0,0,0,0,0,0,0,0,0,0]} 1. e4 c5 2. Nc3 e6 3. g3 d5 4. exd5 exd5 5. d4 Nf6 6. Bg2 cxd4 7. Qxd4 Nc6 8. Qd1 d4 {B23: Closed Sicilian: Lines without g3} 9. Nce2 $1 Bc5 (9... Bb4+ 10. c3 dxc3 11. Qxd8+ Kxd8 12. bxc3 Bc5 13. Bg5 Kc7 14. Bxf6 gxf6 15. Nf4 Re8+ 16. Kf1 {½-½ (23) Sengupta,D (2466)-Vorobiov,E (2596) Bhubaneswar 2009}) 10. Nf3 O-O 11. O-O Re8 12. Nf4 Bf5 13. Nd3 Bb6 14. Bg5 h6 15. Bxf6 Qxf6 16. Qd2 $146 ({Predecessor:} 16. Nd2) 16... Ba5 17. Qd1 Rac8 18. a3 Qd6 19. b4 Bb6 20. Qd2 Be4 21. Rfe1 Re7 22. Nh4 $36 {[%mdl 2048] White has the initiative.} Bxg2 23. Rxe7 (23. Kxg2 {is more complex.} Rec7 24. Qe2 g6 25. Nf3 Ne7 26. Rac1) 23... Nxe7 24. Nxg2 Rc3 25. Re1 Rxa3 26. Qe2 Bd8 27. Nc5 Qc6 28. Nb3 (28. Nf4 $14) 28... Qb6 $11 29. Qc4 (29. Nf4 $11 {keeps the balance.}) 29... Ra4 $17 30. Qxd4 Qxd4 ({Worse is} 30... Rxb4 31. Qd7 $16) 31. Nxd4 Rxb4 32. c3 Rb6 (32... Rc4 $142 33. Nb5 a6) 33. Nf4 Kh7 34. Ra1 a6 35. Rd1 Bc7 36. Re1 (36. Nd3 $17) 36... Bd6 ({Black should play} 36... Bxf4 $19 37. Rxe7 Bd2) 37. Kg2 (37. Kf1 $17) 37... Rb2 (37... Bxf4 $19 38. Rxe7 Bd2) 38. Nd3 Rd2 39. Ne5 {[#] And now Nc4 would win.} Bxe5 (39... Bc5 {keeps more tension.} 40. Nc4 Ra2 41. Re5 Bxd4 42. cxd4 Nc6) 40. Rxe5 Nc6 ({Better is} 40... Ng8 $17) 41. Nxc6 $11 {The position is equal.} bxc6 $17 {KR-KR} 42. Rc5 Rd6 43. Ra5 Rd3 44. Rc5 Rd6 45. Ra5 Rd3 46. Rc5 {Accuracy: White = 51%, Black = 48%.} 1/2-1/2

[Event "RUS-chT Women Rapid 2019"]
[Site "Sochi"]
[Date "2019.10.19"]
[Round "7.9"]
[White "Badelka, Olga"]
[Black "Bodnaruk, Anastasia"]
[Result "0-1"]
[WhiteElo "2300"]
[BlackElo "2419"]
[Annotator "TA"]
[PlyCount "80"]
[EventDate "2019.10.18"]
[EventType "swiss"]
[EventCountry "RUS"]
[SourceTitle "playchess.com"]
[Source "ChessBase"]
[SourceQuality "1"]

{[%evp 14,80,69,65,66,66,56,65,61,66,61,34,59,10,0,0,-10,-10,0,-5,24,-16,8,-19,32,32,63,66,59,44,41,43,45,39,43,2,39,0,0,0,0,0,25,-68,0,0,13,-91,-77,-79,-79,-62,0,0,0,-12,0,-135,-140,-205,-183,-213,-201,-439,-435,-566,-548,-1366,-1346]} 1. d4 Nf6 2. c4 g6 3. Nc3 Bg7 4. e4 d6 5. Be2 O-O 6. Be3 e5 7. d5 a5 8. g4 Na6 {E73: King's Indian: Averbakh Variation without 6...c5} 9. g5 (9. h4 Nc5 10. f3 h5 11. g5 Nh7 12. Kd2 Bd7 13. Nh3 c6 14. Nf2 cxd5 15. exd5 f5 16. gxf6 Nxf6 17. Bxc5 dxc5 {0-1 (37) Vallejo Pons,F (2705)-Radjabov,T (2741) Palma de Mallorca 2017}) 9... Nd7 10. h4 Ndc5 {White is slightly better.} 11. h5 c6 12. f3 cxd5 13. cxd5 Bd7 {[#]} 14. h6 $146 ({Predecessor:} 14. Qd2 Qe7 15. Nh3 Qe8 16. Nf2 {1-0 (37) Vorobiov,E (2578)-Slovak,K (2242) Pardubice 2019}) 14... Bh8 15. Nh3 a4 16. Nf2 Qa5 17. Rc1 b5 18. Kf1 (18. Qd2 $5 {[%cal Rc3b5]}) 18... b4 (18... Rab8 $11) 19. Nb1 $14 Bb5 20. Bxb5 Qxb5+ 21. Qe2 Qd7 22. Nd2 f6 23. gxf6 (23. Kg2 {is more complex.} Qd8 24. Rhg1 Rb8 25. Kh2 fxg5 26. Rxg5 Bf6 27. Rg4) 23... Bxf6 24. Nd3 {[%cal Re3c5]} Be7 25. Nxc5 Nxc5 26. Bxc5 dxc5 27. Qg2 Rf4 28. Qh3 ({White should play} 28. Rh3 $11) 28... Qd6 (28... Qb5+ $1 $15 29. Nc4 Rxf3+ $1 {[%mdl 512]} 30. Qxf3 Rf8 31. Qxf8+ Kxf8) 29. Ke2 $11 Rh4 30. Qe6+ (30. Qf1 $11 {remains equal.}) 30... Qxe6 $17 31. dxe6 {next Rxh4 is good for White.} Rxh1 32. Rxh1 {[%mdl 4096] Endgame KRB-KRN} Ra6 ({Black should try} 32... a3 $1 $15 33. b3 Ra6) 33. Nc4 $11 Rxe6 34. Rd1 g5 35. Rd5 (35. Rd7 $11) 35... Rxh6 $17 36. Rxe5 (36. a3 $17 {was called for.}) 36... Kf8 37. Rf5+ {[#]} Ke8 $1 38. a3 $2 (38. Re5 {keeps fighting.}) 38... Rh2+ $19 {Black is clearly winning.} 39. Kd3 {[#]} Rxb2 $1 {[%mdl 576] Remove Defender, Deflection, Promotion} 40. Nxb2 bxa3 {Accuracy: White = 36%, Black = 50%.} 0-1

[Event "RUS-chT Women Rapid 2019"]
[Site "Sochi"]
[Date "2019.10.19"]
[Round "7.10"]
[White "Ovod, Evgenija"]
[Black "Chan, Naruna"]
[Result "1-0"]
[WhiteElo "2347"]
[BlackElo "1890"]
[Annotator "NA"]
[PlyCount "59"]
[EventDate "2019.10.18"]
[EventType "swiss"]
[EventCountry "RUS"]
[SourceTitle "playchess.com"]
[Source "ChessBase"]
[SourceQuality "1"]
[TimeControl "900+10"]

1. e4 {[%emt 0:00:00]} c5 {[%emt 0:00:00]} 2. c3 {[%emt 0:00:00]} Nf6 {[%emt 0:00:00]} 3. e5 {[%emt 0:00:00]} Nd5 {[%emt 0:00:00]} 4. Nf3 {[%emt 0:00:00]} Nc6 {[%emt 0:00:16]} 5. Bc4 {[%emt 0:00:00]} e6 {[%emt 0:00:44]} 6. d4 {[%emt 0:00:04]} cxd4 {[%emt 0:00:06]} 7. cxd4 {[%emt 0:00:03]} d6 {[%emt 0:01:09]} 8. O-O {[%emt 0:00:03]} Be7 {[%emt 0:00:18]} 9. Qe2 {[%emt 0:00:11]} O-O {[%emt 0:01:14]} 10. Rd1 {[%emt 0:00:08]} Nb6 {[%emt 0:02:16]} 11. Bb3 {[%emt 0:00:11]} Kh8 {[%emt 0:01:44]} 12. Nc3 {[%emt 0:00:07]} d5 {[%emt 0:01:58]} 13. Bc2 {[%emt 0:01:36]} f5 {[%emt 0:01:12]} 14. exf6 {[%emt 0:00:07]} Bxf6 {[%emt 0:01:37]} 15. Ne5 {[%emt 0:03:51]} Qe8 {[%emt 0:00:43]} 16. Nb5 {[%emt 0:01:19]} Bxe5 {[%emt 0:01:21]} 17. dxe5 {[%emt 0:00:07]} Qf7 {[%emt 0:00:40]} 18. Nd6 {[%emt 0:00:26]} Qg8 {[%emt 0:01:09]} 19. a4 {[%emt 0:02:22]} Nc4 {[%emt 0:00:20]} 20. Nxc4 dxc4 {[%emt 0:00:01]} 21. Ra3 {[%emt 0:00:27]} Nb4 {[%emt 0:00:59]} 22. Bxh7 {[%emt 0:03:05]} Qxh7 {[%emt 0:00:12]} 23. Rh3 {[%emt 0:00:01]} Qxh3 {[%emt 0:00:01]} 24. gxh3 {[%emt 0:00:01]} Nd5 {[%emt 0:00:37]} 25. Rd4 {[%emt 0:00:38]} Kg8 {[%emt 0:00:14]} 26. Qh5 {[%emt 0:00:31]} Bd7 {[%emt 0:00:06]} 27. Rh4 {[%emt 0:00:43]} Rad8 {[%emt 0:00:17]} 28. Qh7+ {[%emt 0:00:23]} Kf7 {[%emt 0:00:01]} 29. Bh6 {[%emt 0:00:06]} Rg8 {[%emt 0:00:15]} 30. Rg4 {[%emt 0:00:08]} 1-0

[Event "RUS-chT Women Rapid 2019"]
[Site "Sochi"]
[Date "2019.10.19"]
[Round "7.11"]
[White "Dumcheva, Julia"]
[Black "Belenkaya, Dina"]
[Result "1/2-1/2"]
[WhiteElo "2152"]
[BlackElo "2300"]
[Annotator "NA"]
[PlyCount "78"]
[EventDate "2019.10.18"]
[EventType "swiss"]
[EventCountry "RUS"]
[SourceTitle "playchess.com"]
[Source "ChessBase"]
[SourceQuality "1"]
[TimeControl "900+10"]

1. e4 {[%emt 0:00:00]} d5 {[%emt 0:00:00]} 2. exd5 {[%emt 0:00:00]} Qxd5 {[%emt 0:00:00]} 3. Nc3 {[%emt 0:00:00]} Qa5 {[%emt 0:00:00]} 4. g3 {[%emt 0:00:04]} g6 {[%emt 0:00:00]} 5. Bg2 {[%emt 0:00:03]} Bg7 {[%emt 0:00:02]} 6. Nge2 {[%emt 0:00:18]} c6 {[%emt 0:00:01]} 7. O-O {[%emt 0:00:07]} Nf6 {[%emt 0:00:35]} 8. a3 {[%emt 0:00:14]} O-O {[%emt 0:00:07]} 9. b4 {[%emt 0:00:08]} Qc7 {[%emt 0:00:13]} 10. Bb2 {[%emt 0:00:05]} e5 {[%emt 0:04:01]} 11. d3 {[%emt 0:00:31]} Bf5 {[%emt 0:01:10]} 12. a4 {[%emt 0:01:29]} Re8 {[%emt 0:01:05]} 13. b5 {[%emt 0:00:19]} Qd7 {[%emt 0:00:11]} 14. Re1 {[%emt 0:00:17]} Bh3 {[%emt 0:00:12]} 15. Bh1 {[%emt 0:02:16]} a6 {[%emt 0:01:58]} 16. Rb1 {[%emt 0:01:45]} Ng4 {[%emt 0:02:22]} 17. Ne4 {[%emt 0:01:10]} axb5 {[%emt 0:00:05]} 18. axb5 {[%emt 0:00:06]} cxb5 {[%emt 0:01:12]} 19. Ng5 {[%emt 0:00:57]} Nh6 {[%emt 0:00:56]} 20. Nxh3 {[%emt 0:00:15]} Qxh3 {[%emt 0:00:01]} 21. Bg2 {[%emt 0:00:03]} Qd7 {[%emt 0:00:26]} 22. Nc3 {[%emt 0:00:09]} Na6 {[%emt 0:00:15]} 23. Nd5 {[%emt 0:00:24]} Rad8 {[%emt 0:00:13]} 24. Bc1 {[%emt 0:00:22]} Nc7 {[%emt 0:00:26]} 25. c4 {[%emt 0:01:10]} Nf5 {[%emt 0:01:01]} 26. Bg5 {[%emt 0:01:05]} Nxd5 {[%emt 0:00:47]} 27. Bxd5 {[%emt 0:00:14]} Rc8 {[%emt 0:00:10]} 28. Rxb5 {[%emt 0:00:29]} Nd6 {[%emt 0:00:01]} 29. Rb6 {[%emt 0:00:20]} Rc7 {[%emt 0:00:32]} 30. Qb1 {[%emt 0:00:15]} h6 {[%emt 0:00:58]} 31. Be3 {[%emt 0:00:11]} Rd8 {[%emt 0:00:09]} 32. Rxd6 {[%emt 0:01:55]} Qxd6 {[%emt 0:00:02]} 33. Bb6 {[%emt 0:00:01]} Rdd7 {[%emt 0:00:16]} 34. Bxc7 {[%emt 0:00:08]} Qxc7 {[%emt 0:00:04]} 35. Qb5 {[%emt 0:00:17]} b6 {[%emt 0:00:29]} 36. Ra1 {[%emt 0:00:07]} Bf8 {[%emt 0:00:05]} 37. Ra8 {[%emt 0:00:21]} Kg7 {[%emt 0:00:01]} 38. Kg2 {[%emt 0:00:20]} Bc5 {[%emt 0:00:02]} 39. Qa6 {[%emt 0:00:16]} Re7 {[%emt 0:00:03]} 1/2-1/2

[Event "RUS-chT Women Rapid 2019"]
[Site "Sochi"]
[Date "2019.10.19"]
[Round "7.12"]
[White "Styazhkina, Anna"]
[Black "Trapeznikova, Darya"]
[Result "1-0"]
[WhiteElo "2280"]
[BlackElo "2052"]
[Annotator "NA"]
[PlyCount "51"]
[EventDate "2019.10.18"]
[EventType "swiss"]
[EventCountry "RUS"]
[SourceTitle "playchess.com"]
[Source "ChessBase"]
[SourceQuality "1"]
[TimeControl "900+10"]

1. e4 {[%emt 0:00:00]} e5 {[%emt 0:00:00]} 2. Nf3 {[%emt 0:00:00]} Nc6 {[%emt 0:00:00]} 3. Bc4 {[%emt 0:00:06]} Nf6 {[%emt 0:00:00]} 4. d3 {[%emt 0:00:04]} Be7 {[%emt 0:00:00]} 5. Nc3 {[%emt 0:00:06]} O-O {[%emt 0:00:14]} 6. a3 {[%emt 0:00:03]} d6 {[%emt 0:00:02]} 7. h3 {[%emt 0:00:08]} Be6 {[%emt 0:00:38]} 8. Ng5 {[%emt 0:00:39]} Bxc4 {[%emt 0:00:23]} 9. dxc4 {[%emt 0:00:02]} Nd7 {[%emt 0:01:09]} 10. h4 {[%emt 0:02:17]} Nd4 {[%emt 0:01:53]} 11. Be3 {[%emt 0:00:49]} h6 {[%emt 0:02:21]} 12. Nf3 {[%emt 0:04:50]} Nxf3+ {[%emt 0:01:32]} 13. Qxf3 {[%emt 0:00:02]} Nb6 {[%emt 0:05:20]} 14. Qg3 {[%emt 0:01:24]} Kh8 {[%emt 0:00:26]} 15. b3 {[%emt 0:03:12]} f5 {[%emt 0:00:39]} 16. exf5 {[%emt 0:00:02]} Rxf5 {[%emt 0:00:09]} 17. O-O-O {[%emt 0:00:03]} Qf8 {[%emt 0:01:48]} 18. a4 {[%emt 0:00:53]} c6 {[%emt 0:00:16]} 19. Kb1 {[%emt 0:00:29]} Rd8 {[%emt 0:00:06]} 20. a5 {[%emt 0:00:38]} Nd7 {[%emt 0:00:19]} 21. Ne4 {[%emt 0:00:44]} b6 {[%emt 0:00:24]} 22. a6 {[%emt 0:00:19]} Nb8 {[%emt 0:00:05]} 23. Qg6 {[%emt 0:00:28]} Qf7 {[%emt 0:00:42]} 24. Qg4 {[%emt 0:01:12]} d5 {[%emt 0:00:11]} 25. Ng5 {[%emt 0:00:16]} hxg5 {[%emt 0:00:12]} 26. hxg5+ {[%emt 0:00:11] Qg6} 1-0

[Event "RUS-chT Women Rapid 2019"]
[Site "Sochi"]
[Date "2019.10.19"]
[Round "8.1"]
[White "Pogonina, Natalija"]
[Black "Lysenko, Margarita"]
[Result "1-0"]
[WhiteElo "2479"]
[BlackElo "2166"]
[Annotator "ChessBase"]
[PlyCount "135"]
[EventDate "2019.10.18"]
[EventType "swiss"]
[EventCountry "RUS"]
[SourceTitle "playchess.com"]
[Source "ChessBase"]
[SourceQuality "1"]
[TimeControl "900+10"]

1. d4 {[%emt 0:00:00]} Nf6 {[%emt 0:00:00]} 2. c4 {[%emt 0:00:00]} e6 {[%emt 0:00:00]} 3. g3 {[%emt 0:00:00]} c5 {[%emt 0:00:00]} 4. d5 {[%emt 0:00:00]} exd5 {[%emt 0:00:00]} 5. cxd5 {[%emt 0:00:02]} d6 {[%emt 0:00:00]} 6. Nc3 {[%emt 0:00:04]} g6 {[%emt 0:00:00]} 7. Bg2 {[%emt 0:00:03]} Bg7 {[%emt 0:00:01]} 8. Nf3 {[%emt 0:00:03]} O-O {[%emt 0:00:02]} 9. O-O {[%emt 0:00:03]} Re8 {[%emt 0:00:02]} 10. Bf4 {[%emt 0:00:04]} Bf5 {[%emt 0:00:05]} 11. Nd2 {[%emt 0:01:23]} Nh5 {[%emt 0:00:07]} 12. Be3 {[%emt 0:00:05]} Nd7 {[%emt 0:00:20]} 13. Nc4 {[%emt 0:00:29]} Nb6 {[%emt 0:02:06]} 14. Nxb6 {[%emt 0:01:47]} Qxb6 {[%emt 0:00:22]} 15. Qd2 {[%emt 0:00:17]} Nf6 {[%emt 0:04:10]} 16. f3 {[%emt 0:03:51]} Rxe3 {[%emt 0:03:54]} 17. Qxe3 {[%emt 0:00:02]} Ng4 {[%emt 0:00:35]} 18. Qd2 {[%emt 0:00:22]} Bd4+ {[%emt 0:00:22]} 19. Kh1 {[%emt 0:00:02]} Ne3 {[%emt 0:00:39]} 20. Rfc1 {[%emt 0:01:21]} Re8 {[%emt 0:01:40]} 21. g4 {[%emt 0:04:53]} Nc4 {[%emt 0:03:16]} 22. Qe1 {[%emt 0:00:12]} Bd3 {[%emt 0:00:24]} 23. Ne4 {[%emt 0:00:45]} Bxe4 {[%emt 0:00:11]} 24. fxe4 {[%emt 0:00:11]} Qxb2 {[%emt 0:00:28]} 25. Rab1 {[%emt 0:00:31]} Qxa2 {[%emt 0:00:02]} 26. Rxb7 {[%emt 0:00:21]} Ne5 {[%emt 0:00:19]} 27. h3 {[%emt 0:00:44]} Qa3 {[%emt 0:00:13]} 28. Rcb1 {[%emt 0:00:53]} Qe3 {[%emt 0:00:02]} 29. R7b3 {[%emt 0:00:24]} Qf2 {[%emt 0:00:16]} 30. e3 {[%emt 0:00:29]} Qxe1+ {[%emt 0:00:09]} 31. Rxe1 {[%emt 0:00:01]} c4 {[%emt 0:00:02]} 32. exd4 {[%emt 0:00:09]} cxb3 {[%emt 0:00:01]} 33. dxe5 {[%emt 0:00:02]} dxe5 {[%emt 0:00:08]} 34. Bf1 {[%emt 0:00:05]} a5 {[%emt 0:00:04]} 35. Rb1 {[%emt 0:00:20]} Rb8 {[%emt 0:00:05]} 36. Bc4 {[%emt 0:00:15]} b2 {[%emt 0:00:16]} 37. Ba2 {[%emt 0:00:13]} Kf8 {[%emt 0:00:09]} 38. d6 {[%emt 0:00:14]} Ke8 {[%emt 0:00:04]} 39. Kg2 {[%emt 0:00:18]} Kd7 {[%emt 0:00:08]} 40. Rd1 {[%emt 0:00:02]} Rb6 {[%emt 0:00:07]} 41. Kf3 {[%emt 0:00:02]} Rxd6 {[%emt 0:00:45]} 42. Rxd6+ {[%emt 0:00:02]} Kxd6 {[%emt 0:00:01]} 43. Ke3 {[%emt 0:00:07]} Kc5 {[%emt 0:00:21]} 44. Kd3 {[%emt 0:00:08]} a4 {[%emt 0:00:10]} 45. g5 {[%emt 0:00:13]} a3 {[%emt 0:00:10]} 46. Kc3 {[%emt 0:00:13]} Kb5 {[%emt 0:00:11]} 47. h4 {[%emt 0:00:25]} Kc5 {[%emt 0:00:04]} 48. Bb1 {[%emt 0:00:14]} Kd6 {[%emt 0:00:13]} 49. Kb4 {[%emt 0:00:08]} a2 {[%emt 0:00:09]} 50. Bxa2 {[%emt 0:00:01]} f5 {[%emt 0:00:01]} 51. gxf6 {[%emt 0:00:22]} h6 {[%emt 0:00:22]} 52. Kc3 {[%emt 0:00:05]} b1=Q {[%emt 0:00:07]} 53. Bxb1 {[%emt 0:00:01]} Ke6 {[%emt 0:00:00]} 54. Kd3 {[%emt 0:00:07]} Kxf6 {[%emt 0:00:02]} 55. Ke3 {[%emt 0:00:10]} g5 {[%emt 0:00:05]} 56. Kf3 {[%emt 0:00:09]} h5 {[%emt 0:00:14]} 57. hxg5+ {[%emt 0:00:07]} Kxg5 {[%emt 0:00:01]} 58. Bd3 {[%emt 0:00:02]} Kh4 {[%emt 0:00:06]} 59. Bf1 {[%emt 0:00:03]} Kg5 {[%emt 0:00:05]} 60. Kg3 {[%emt 0:00:02]} h4+ {[%emt 0:00:01]} 61. Kf3 {[%emt 0:00:02]} Kh5 {[%emt 0:00:02]} 62. Bh3 {[%emt 0:00:15]} Kg5 {[%emt 0:00:02]} 63. Ke3 {[%emt 0:00:32]} Kh5 {[%emt 0:00:07]} 64. Kd3 {[%emt 0:00:01]} Kg5 {[%emt 0:00:01]} 65. Kc4 {[%emt 0:00:01]} Kf4 {[%emt 0:00:01]} 66. Kd5 {[%emt 0:00:02]} Kg3 {[%emt 0:00:05]} 67. Bd7 {[%emt 0:00:09]} Kf4 {[%emt 0:00:04]} 68. Bf5 {[%emt 0:00:02]} 1-0

[Event "RUS-chT Women Rapid 2019"]
[Site "Sochi"]
[Date "2019.10.19"]
[Round "8.2"]
[White "Sudakova, Irina"]
[Black "Girya, Olga"]
[Result "0-1"]
[WhiteElo "2259"]
[BlackElo "2476"]
[Annotator "RC"]
[PlyCount "82"]
[EventDate "2019.10.18"]
[EventType "swiss"]
[EventCountry "RUS"]
[SourceTitle "playchess.com"]
[Source "ChessBase"]
[SourceQuality "1"]
[TimeControl "900+10"]

1. e4 {[%emt 0:00:00]} c6 {[%emt 0:00:00]} 2. d4 {[%emt 0:00:00]} d5 {[%emt 0:00:00]} 3. exd5 {[%emt 0:00:00]} cxd5 {[%emt 0:00:00]} 4. Bd3 {[%emt 0:00:00]} Nc6 {[%emt 0:00:00]} 5. c3 {[%emt 0:00:00]} Nf6 {[%emt 0:00:00]} 6. Bf4 {[%emt 0:00:03]} Bg4 {[%emt 0:00:02]} 7. Qb3 {[%emt 0:00:05]} Qd7 {[%emt 0:00:02]} 8. Nd2 {[%emt 0:00:13]} e6 {[%emt 0:00:00]} 9. Ngf3 {[%emt 0:00:10]} Bd6 {[%emt 0:00:02]} 10. Bxd6 {[%emt 0:00:06]} Qxd6 {[%emt 0:00:01]} 11. O-O {[%emt 0:00:13]} O-O {[%emt 0:00:03]} 12. Rfe1 {[%emt 0:00:16]} Nd7 {[%emt 0:00:56]} 13. h3 {[%emt 0:03:04]} Bxf3 {[%emt 0:00:48]} 14. Nxf3 {[%emt 0:00:03]} Rab8 {[%emt 0:00:16]} 15. Qc2 {[%emt 0:00:12]} h6 {[%emt 0:00:09]} 16. Qe2 {[%emt 0:00:08]} a6 {[%emt 0:00:27]} 17. a4 {[%emt 0:00:21]} Rfc8 {[%emt 0:00:47]} 18. Ne5 {[%emt 0:00:34]} Ncxe5 {[%emt 0:01:15]} 19. dxe5 {[%emt 0:00:15]} Qe7 {[%emt 0:02:17]} 20. Qg4 {[%emt 0:03:00]} Qg5 {[%emt 0:00:43]} 21. Qxg5 {[%emt 0:00:40]} hxg5 {[%emt 0:00:01]} 22. Kh2 {[%emt 0:03:13]} b5 {[%emt 0:02:26]} 23. axb5 {[%emt 0:01:48]} axb5 {[%emt 0:00:02]} 24. Ra7 {[%emt 0:00:07]} Nc5 {[%emt 0:00:02]} 25. Bc2 {[%emt 0:01:08]} b4 {[%emt 0:00:40]} 26. Re3 {[%emt 0:01:53]} bxc3 {[%emt 0:01:34]} 27. Rxc3 {[%emt 0:00:34]} d4 {[%emt 0:00:07]} 28. Rf3 {[%emt 0:00:13]} Rb7 {[%emt 0:01:40]} 29. Rxb7 {[%emt 0:01:01]} Nxb7 {[%emt 0:00:02]} 30. Bd3 {[%emt 0:00:01]} Nc5 {[%emt 0:00:15]} 31. b4 {[%emt 0:00:09]} Nd7 {[%emt 0:00:42]} 32. Ba6 {[%emt 0:00:28]} Rc3 {[%emt 0:00:55]} 33. Rd3 {[%emt 0:00:17]} Rxd3 {[%emt 0:00:07]} 34. Bxd3 {[%emt 0:00:01]} Nxe5 {[%emt 0:00:01]} 35. Bb1 {[%emt 0:00:22]} Kf8 {[%emt 0:01:13]} 36. g3 {[%emt 0:00:07]} d3 {[%emt 0:00:35]} 37. Kg2 {[%emt 0:00:05]} d2 {[%emt 0:00:21]} 38. Bc2 {[%emt 0:00:02]} Nd3 {[%emt 0:00:01]} 39. Kf1 {[%emt 0:00:09]} Nxb4 {[%emt 0:00:02]} 40. Ba4 {[%emt 0:00:28]} Nd5 {[%emt 0:00:03]} 41. Bd1 {[%emt 0:00:21]} Nc3 {[%emt 0:00:10]} 0-1

[Event "RUS-chT Women Rapid 2019"]
[Site "Sochi"]
[Date "2019.10.19"]
[Round "8.3"]
[White "Guseva, Marina"]
[Black "Lukina, Aleksandra"]
[Result "1-0"]
[WhiteElo "2366"]
[BlackElo "2001"]
[Annotator "NA"]
[PlyCount "57"]
[EventDate "2019.10.18"]
[EventType "swiss"]
[EventCountry "RUS"]
[SourceTitle "playchess.com"]
[Source "ChessBase"]
[SourceQuality "1"]
[TimeControl "900+10"]

1. d4 {[%emt 0:00:00]} Nf6 {[%emt 0:00:00]} 2. c4 {[%emt 0:00:00]} g6 {[%emt 0:00:00]} 3. Nf3 {[%emt 0:00:00]} Bg7 {[%emt 0:00:00]} 4. g3 {[%emt 0:00:00]} O-O {[%emt 0:00:00]} 5. Bg2 {[%emt 0:00:00]} d6 {[%emt 0:00:00]} 6. O-O {[%emt 0:00:00]} Nc6 {[%emt 0:00:08]} 7. Nc3 {[%emt 0:00:02]} a6 {[%emt 0:00:04]} 8. e3 {[%emt 0:00:03]} Rb8 {[%emt 0:00:15]} 9. Qe2 {[%emt 0:00:07]} e5 {[%emt 0:00:32]} 10. dxe5 {[%emt 0:00:08]} Nxe5 {[%emt 0:00:28]} 11. Nxe5 {[%emt 0:00:12]} dxe5 {[%emt 0:00:05]} 12. Rd1 {[%emt 0:00:06]} Qe7 {[%emt 0:00:06]} 13. Nd5 {[%emt 0:00:07]} Nxd5 {[%emt 0:00:08]} 14. cxd5 {[%emt 0:00:02]} e4 {[%emt 0:00:39]} 15. h3 {[%emt 0:03:32]} h5 {[%emt 0:00:11]} 16. Qc4 {[%emt 0:00:12]} Re8 {[%emt 0:00:43]} 17. a4 {[%emt 0:01:31]} h4 {[%emt 0:00:24]} 18. g4 {[%emt 0:00:19]} b6 {[%emt 0:02:37]} 19. Bd2 {[%emt 0:03:59]} Bxb2 {[%emt 0:00:22]} 20. Bb4 {[%emt 0:00:02]} b5 {[%emt 0:02:17]} 21. axb5 {[%emt 0:01:11]} axb5 {[%emt 0:00:01]} 22. Qb3 {[%emt 0:00:11]} Qf6 {[%emt 0:00:12]} 23. Ra7 {[%emt 0:01:49]} Be5 {[%emt 0:00:12]} 24. Qc2 {[%emt 0:00:36]} Qg5 {[%emt 0:02:25]} 25. Kh1 {[%emt 0:00:12]} f5 {[%emt 0:00:23]} 26. d6 {[%emt 0:00:27]} cxd6 {[%emt 0:02:34]} 27. Qc7 {[%emt 0:00:20]} Be6 {[%emt 0:00:15]} 28. Qh7+ {[%emt 0:00:27]} Kf8 {[%emt 0:00:07]} 29. Bxd6+ {[%emt 0:00:07]} 1-0

[Event "RUS-chT Women Rapid 2019"]
[Site "Sochi"]
[Date "2019.10.19"]
[Round "8.4"]
[White "Usacheva, Glafira"]
[Black "Kovanova, Baira"]
[Result "0-1"]
[WhiteElo "1847"]
[BlackElo "2344"]
[Annotator "NA"]
[PlyCount "96"]
[EventDate "2019.10.18"]
[EventType "swiss"]
[EventCountry "RUS"]
[SourceTitle "playchess.com"]
[Source "ChessBase"]
[SourceQuality "1"]
[TimeControl "900+10"]

1. d4 {[%emt 0:00:00]} Nf6 {[%emt 0:00:00]} 2. c4 {[%emt 0:00:00]} e6 {[%emt 0:00:00]} 3. Nf3 {[%emt 0:00:00]} Bb4+ {[%emt 0:00:15]} 4. Bd2 {[%emt 0:00:05]} Qe7 {[%emt 0:00:02]} 5. g3 {[%emt 0:00:35]} Nc6 {[%emt 0:00:04]} 6. Bg2 {[%emt 0:00:28]} d5 {[%emt 0:00:03]} 7. a3 {[%emt 0:00:42]} Bxd2+ {[%emt 0:00:18]} 8. Nbxd2 {[%emt 0:00:02]} O-O {[%emt 0:00:17]} 9. O-O {[%emt 0:00:24]} Rd8 {[%emt 0:00:17]} 10. e3 {[%emt 0:01:07]} Ne4 {[%emt 0:03:28]} 11. Nxe4 {[%emt 0:02:44]} dxe4 {[%emt 0:00:02]} 12. Nd2 {[%emt 0:00:02]} f5 {[%emt 0:00:16]} 13. b4 {[%emt 0:00:08]} Qf6 {[%emt 0:00:54]} 14. Qb3 {[%emt 0:02:48]} Bd7 {[%emt 0:00:30]} 15. Rfd1 {[%emt 0:00:37]} Be8 {[%emt 0:00:06]} 16. c5 {[%emt 0:00:27]} Bh5 {[%emt 0:01:09]} 17. Re1 {[%emt 0:00:17]} Bf7 {[%emt 0:00:06]} 18. b5 {[%emt 0:00:44]} Ne7 {[%emt 0:03:38]} 19. Nc4 {[%emt 0:00:38]} Ng6 {[%emt 0:00:29]} 20. Qc3 {[%emt 0:00:14]} Rd5 {[%emt 0:01:48]} 21. f4 {[%emt 0:01:44]} Rxc5 {[%emt 0:00:46]} 22. Qb4 {[%emt 0:00:41]} Rd5 {[%emt 0:00:04]} 23. Rac1 {[%emt 0:00:17]} Qd8 {[%emt 0:01:22]} 24. Rc2 {[%emt 0:00:24]} Be8 {[%emt 0:00:54]} 25. a4 {[%emt 0:00:06]} c6 {[%emt 0:00:01]} 26. b6 {[%emt 0:01:24]} a5 {[%emt 0:00:52]} 27. Qa3 {[%emt 0:00:25]} Qe7 {[%emt 0:00:16]} 28. Qc1 {[%emt 0:00:49]} c5 {[%emt 0:00:08]} 29. dxc5 {[%emt 0:00:23]} Rxc5 {[%emt 0:00:17]} 30. Ne5 {[%emt 0:00:46]} Rac8 {[%emt 0:00:55]} 31. Nxg6 {[%emt 0:00:12]} hxg6 {[%emt 0:00:00]} 32. Rxc5 {[%emt 0:00:10]} Qxc5 {[%emt 0:00:30]} 33. Qb2 {[%emt 0:00:28]} Bxa4 {[%emt 0:00:09]} 34. Bf1 {[%emt 0:00:23]} Bc6 {[%emt 0:00:11]} 35. Kf2 {[%emt 0:00:14]} Bd5 {[%emt 0:00:01]} 36. Be2 {[%emt 0:00:07]} a4 {[%emt 0:00:19]} 37. Ra1 {[%emt 0:00:01]} Bb3 {[%emt 0:00:05]} 38. Qd2 {[%emt 0:00:27]} Qc3 {[%emt 0:00:19]} 39. Qd7 {[%emt 0:00:11]} Qc6 {[%emt 0:00:08]} 40. Qd4 {[%emt 0:00:05]} Qd5 {[%emt 0:00:04]} 41. Qb4 {[%emt 0:00:17]} Qc5 {[%emt 0:00:03]} 42. Qd2 {[%emt 0:00:06]} Qxb6 {[%emt 0:00:02]} 43. Qd7 {[%emt 0:00:02]} Qc6 {[%emt 0:00:02]} 44. Qd4 {[%emt 0:00:07]} Qc5 {[%emt 0:00:06]} 45. Qd7 {[%emt 0:00:05]} Qc6 {[%emt 0:00:09]} 46. Qd4 {[%emt 0:00:02]} Qd5 {[%emt 0:00:02]} 47. Qb4 {[%emt 0:00:05]} Rc2 {[%emt 0:00:08]} 48. Kf1 {[%emt 0:00:24]} Bc4 {[%emt 0:00:37]} 0-1